Statistics for Xenoblade: The Xenoblade Chronicles Quiz

Click here to take the quiz!

General Stats

  • This quiz has been taken 131 times
    (119 since last reset)
  • The average score is 15 of 20

Answer Stats

HintsAnswers% Correct
The divine swordMonado
100%
"I'm really _______ it!"feeling
91%
It's ____ time!Reyn
90%
The building block of all lifeEther
89%
A little boy trying to reconstruct Colony 6Juju
88%
The soul of the organic giantZanza
88%
The location of the "final battle" between Homs and MechonSword Valley
86%
The leader of MechonisEgil
77%
The mysterious foreseeing HomsAlvis
74%
Where the Machina liveFallen Arm
74%
The beasts protecting the sleeping BionisTelethia
74%
The hammer-wielding obliterator of Colony 6Xord
73%
What was sealed away on Prison IslandA Giant
72%
The High Entia EmperorSorean
68%
The Nopon chiefDunga
66%
The High Entia prince leading his troops into battleKallian
66%
Where the Machina used to liveAgniratha
58%
His MechonGold Face
58%
A weapon of the NoponBiter
55%
Where the sword was hidden awayOse Tower
26%

Score Distribution

Percentile by Number Answered

Percent of People with Each Score

Your Score History

You have not taken this quiz since the last reset